Statistics for Pokémon that Start with I

Click here to take the quiz!

General Stats

  • This quiz has been taken 2,149 times
    (276 since last reset)
  • The average score is 14 of 19

Answer Stats

GenAnswer% Correct
IIIgglybuff
85%
IXIron Hands
84%
IIvysaur
83%
IXIron Valiant
80%
IXIron Jugulis
77%
IXIron Moth
77%
IXIron Treads
76%
IIIIllumise
75%
IXIron Bundle
75%
VIInkay
74%
IXIron Thorns
74%
VIIIImpidimp
73%
VIIIInteleon
73%
VIIIIndeedee
72%
IXIron Leaves
71%
VIIIncineroar
69%
IVInfernape
69%
IXIron Crown
69%
IXIron Boulder
61%

Score Distribution

Percentile by Number Answered

Percent of People with Each Score

Your Score History

You have not taken this quiz since the last reset